000 01451nam a2200337 a 4500
001 ebr10747439
003 CaPaEBR
006 m o u
007 cr cn|||||||||
008 130328s2013 enka sb 001 0 eng d
010 _z 2013012750
020 _z9781118373774 (pbk. : alk. paper)
020 _z9781118373767 (e-book)
040 _aCaPaEBR
_cCaPaEBR
035 _a(OCoLC)856017698
050 1 4 _aQM23.2
_b.E45 2013eb
082 0 4 _a612
_223
100 1 _aEllis, Harold,
_d1926-
245 1 0 _aClinical anatomy
_h[electronic resource] :
_bapplied anatomy for students and junior doctors /
_cHarold Ellis, Vishy Mahadevan.
250 _a13th ed.
260 _aChichester, West Sussex, U.K. :
_bWiley-Blackwell,
_c2013.
300 _axii, 477 p. :
_bill. (chiefly col.)
504 _aIncludes bibliographical references and index.
505 0 _apt. 1. The thorax -- pt. 2. The abdomen and pelvis -- pt. 3. The upper limb -- pt. 4. The lower limb -- pt. 5. The head and neck -- pt. 6. The nervous system.
533 _aElectronic reproduction.
_bPalo Alto, Calif. :
_cebrary,
_d2013.
_nAvailable via World Wide Web.
_nAccess may be limited to ebrary affiliated libraries.
650 0 _aAnatomy.
655 7 _aElectronic books.
_2local
700 1 _aMahadevan, Vishy.
710 2 _aebrary, Inc.
856 4 0 _uhttp://site.ebrary.com/lib/rucke/Doc?id=10747439
_zAn electronic book accessible through the World Wide Web; click to view
999 _c15123
_d15123